000 01154nam a2200217 a 4500
001 8993
003 CO-ViMGA
008 141112s2004 ck r 000 u spa d
040 _aCO-ViMGA
_bspa
_cCO-ViMGA
082 0 4 _a617.072 A483i
100 1 _aAgudelo Ayerbe, Alejandro; Montoya, Jose Gilberto
_99206
245 1 0 _aInfecciones propias de la mujer
260 _aCali (Col.),
_cFeriva,
_c2002
300 _a330.p.
505 _aFlora vaginal residente Vaginosis bacteriana Candidiasis vulvovaginal Tricomoniasis Cervicitis Clamidia Gonococo Enfermedad pelvica inflamatoria Papilomavirus genital Herpes virus Infeccion urinaria en la mujer Lúes VIH / SIDA Fisiopatología de las infecciones perinatales Toxoplasmosis Varicela Rubeola Citomegalovirus Hepatitis Malaria Tetanos Listeria Vacunación durante el embarazo Estreptococo del grupo B Infección puerperal Infección de la herida Quirurgica Infección intraamniótica Aborto septico Antibióticos en la mujer
650 1 4 _aGINECOLOGIA
_949966
650 1 4 _aINFECCIONES - MUJER
_99207
650 1 4 _aMUJERES Y ENFERMEDADES
_99208
650 1 4 _aTRATAMIENTO DE INFECCIONES
_99209
942 _2ddc
_cBK
999 _c20566
_d20566